01359nam a22003737a 45000010009000000050017000090080041000260100031000670220014000980250015001120300011001270350024001380400042001620420007002040500016002110700014002270720009002410820015002502450058002652460055003232600122003783000025005003100014005253620031005395000022005705000055005925100034006476500036006816500030007177100098007477100037008457800078008822700025009601150507020090303113636.0940628c19949999ii br p 0 a0eng d a 98905106 zsn 94015745  a0971-4588 aI-D-E-2762 aIEMSEW a(OCoLC)ocm30679001  aDBScDBSdDNALdOUCAdDLCdWaUdOCoLC alc aTA401b.I53 aTA401.I52 aX600 a620.11221 aIndian journal of engineering and materials sciences. aIndian journal of engineering & materials sciences aNew Delhi :bPublications & Information Directorate, CSIR in association with Indian National Science Academy,c1994- av. :bill. ;c28 cm. aBimonthly aVol. 1, no. 1 (Feb. 1994)- aTitle from cover. aLatest issue consulted: Vol. 1, no. 3 (June 1994). aChemical abstractsx0009-2258 aMaterials sciencevPeriodicals. aEngineeringvPeriodicals. aCouncil of Scientific & Industrial Research (India).bPublications & Information Directorate. aIndian National Science Academy. tIndian journal of technologyx0019-5669w(DLC)sa 64000270w(OCoLC)1752930 mijems@niscair.res.in